00723nam a22001217a 4500008004100000020001500041050002900056245039500085260004300480300002500523440003600548800001700584140822b xxu||||| |||| 00| 0 eng d a0406091595 aKD277.7.L39(1890 vol.24) aThe Law Reports (1890 vol.24) Queen's Bench Division:under superintendence and control of the incorporated council of law reporting for england and wales. Supreme court of judicature cases determined in the queen's bench division and on appeal therefrom in the court of appeal, decisions on crown cases reserved, and decisions of the railway and canal commission. /cEdited by: A. P. Stone. aLondon:bButterworth & Co. Ltd,c1890. axviii, 754p.:c24cm. pQueen's Bench Division.vvol 24 aStone, A. P.